Immaculate Misconception - Motionless in White - Statistics

General Stats
  • This quiz has been taken 4 times
  • The average score is 206 of 343
Answer Stats
⛪︎ % Correct
a
100%
all
100%
All
100%
I
100%
in
100%
the
100%
The
100%
you
100%
You
100%
am
75%
am,
75%
and
75%
are
75%
at
75%
don't
75%
Every
75%
face
75%
fuck?
75%
fucking
75%
go
75%
have
75%
heart
75%
heart's
75%
I'd
75%
If
75%
if
75%
I'm
75%
inside
75%
is
75%
it
75%
let
75%
me
75%
of
75%
real
75%
that
75%
there's
75%
these
75%
thing
75%
thing,
75%
this
75%
to
75%
To
75%
we
75%
We're
75%
who
75%
will
75%
your
75%
Your
75%
You're
75%
you're
75%
as
50%
back
50%
can't
50%
care
50%
cum
50%
drown
50%
everyone
50%
for
50%
from
50%
gonna
50%
here
50%
hope
50%
I'll
50%
invested
50%
I've
50%
just
50%
Just
50%
lies
50%
like
50%
meant
50%
mind
50%
not
50%
nothing
50%
off
50%
or
50%
right
50%
say
50%
So
50%
so
50%
speak
50%
swallow
50%
take
50%
that'll
50%
That's
50%
their
50%
them
50%
us
50%
What
50%
what
50%
words
50%
worthless
50%
about
25%
against
25%
alone
25%
be
25%
before
25%
broken
25%
built
25%
but
25%
But
25%
cause
25%
change
25%
clever
25%
clone
25%
come
25%
could
25%
curb
25%
damaged
25%
decadence
25%
disease
25%
end
25%
expect
25%
fall
25%
feeding
25%
forever
25%
get
25%
god
25%
hearted,
25%
How
25%
kids
25%
kingdom
25%
know
25%
last
25%
letters
25%
life
25%
live
25%
look
25%
make
25%
many
25%
may
25%
mirror?
25%
mouth
25%
now
25%
offends
25%
one
25%
Open
25%
people
25%
protect
25%
Put
25%
reach
25%
reasons
25%
receive
25%
remember
25%
see
25%
seen
25%
sing
25%
single
25%
someone
25%
something
25%
spit
25%
stand
25%
standing
25%
stomp
25%
sure
25%
survive
25%
teeth
25%
top
25%
trend
25%
untrue
25%
voice
25%
wanna
25%
want
25%
whose
25%
world
25%
wrong
25%
yourself
25%
you's
25%
No matching quizzes found
Score Distribution
Percent of People with Each Score
Percentile by Number Answered
Your Score History
You have not taken this quiz